Lenguaje jurídico y realidad.

Збережено в:
Бібліографічні деталі
Автор: Olivecrona, Karl (autor)
Формат: Книга
Опубліковано: Buenos Aires, Argentina: Centro Editor de América Latina S.A., 1968.
Серія:Filosofía y derecho/2
Предмети:
Теги: Додати тег
Немає тегів, Будьте першим, хто поставить тег для цього запису!

MARC

LEADER 00000nam a2200000 a 4500
001 UCX9770
003 CL-VaPUC
005 20221021100018.0
008 220623b1968 ||||| |||| 00| 0 eng d
999 |c 436257  |d 436255 
040 |c Pontificia Universidad Católica de Valparaíso 
082 0 4 |a 340.1 OLI 1968  |2 21 
100 |a Olivecrona, Karl  |e autor  |9 394953 
245 1 0 |a Lenguaje jurídico y realidad. 
260 |a Buenos Aires, Argentina:  |b Centro Editor de América Latina S.A.,   |c 1968. 
300 |a 62 páginas  
490 |a Filosofía y derecho/2 
500 |a c.1 Donación Familia Prof. Alejandro Guzmán Brito. 
583 |a last modification  |c 19940627 00:00:00  |k Cristina María Rojas Aguilar 
650 0 |a Lenguaje jurídico   |9 255988 
942 |c BK  |2 ddc  |n 0 
952 |0 0  |1 0  |2 ddc  |4 0  |6 340_100000000000000_OLI_1968  |7 0  |8 C_AGB  |9 583988  |a BIBDER  |b BIBDER  |d 2022-06-23  |e Donación   |i 5652063  |o 340.1 OLI 1968  |p 5652063  |r 2023-01-25  |t 1  |w 2022-06-23  |y BK_US  |k AGB